Online
Catalog

Conjura constitucional / (Record no. 1163)

MARC details
000 -CABECERA
campo de control de longitud fija 01071cam a2200277 a 4500
001 - NÚMERO DE CONTROL
campo de control 000001215
003 - IDENTIFICADOR DEL NÚMERO DE CONTROL
campo de control DO-SdBNP
005 - FECHA Y HORA DE LA ÚLTIMA TRANSACCIÓN
campo de control 20251030134003.0
008 - DATOS DE LONGITUD FIJA--INFORMACIÓN GENERAL
campo de control de longitud fija 880812s1986 ve b 000 0 spa
020 ## - NÚMERO INTERNACIONAL ESTÁNDAR DEL LIBRO
Número Internacional Estándar del Libro 9800200231
040 ## - FUENTE DE LA CATALOGACIÓN
Centro catalogador/agencia de origen DO-SdBNP
Lengua de catalogación spa
Centro/agencia transcriptor BNPHU
082 #4 - NÚMERO DE LA CLASIFICACIÓN DECIMAL DEWEY
Número de clasificación 342.029
Número de documento/Ítem R696c
100 1# - ENTRADA PRINCIPAL--NOMBRE DE PERSONA
Nombre de persona Rodríguez R., José,
Forma completa/desarrollada del nombre [José Rodríguez Rodríguez],
Fechas asociadas al nombre 1944-
9 (RLIN) 4148
245 10 - MENCIÓN DE TÍTULO
Título Conjura constitucional /
Mención de responsabilidad, etc. José Rodríguez Rodríguez.
260 ## - PUBLICACIÓN, DISTRIBUCIÓN, ETC.
Lugar de publicación, distribución, etc. Caracas :
Nombre del editor, distribuidor, etc. Ministerio de Educación, Dirección General, Dirección de Información y Relaciones, División de Publicaciones,
Fecha de publicación, distribución, etc. 1986.
300 ## - DESCRIPCIÓN FÍSICA
Extensión 110 p. ;
Dimensiones 17 cm.
490 1# - MENCIÓN DE SERIE
Mención de serie Ediciones del Ministerio de Educación
504 ## - NOTA DE BIBLIOGRAFÍA, ETC.
Nota de bibliografía, etc. Incluye referencias bibliográficas, p. 107-110.
651 #0 - PUNTO DE ACCESO ADICIONAL DE MATERIA--NOMBRE GEOGRÁFICO
Nombre geográfico Venezuela
Subdivisión general Política y gobierno
Subdivisión cronológica 1810-1830.
9 (RLIN) 26230
651 #7 - PUNTO DE ACCESO ADICIONAL DE MATERIA--NOMBRE GEOGRÁFICO
Nombre geográfico Colombia
Subdivisión general Política y gobierno
Subdivisión cronológica 1819-1831.
9 (RLIN) 4150
651 #0 - PUNTO DE ACCESO ADICIONAL DE MATERIA--NOMBRE GEOGRÁFICO
Nombre geográfico Venezuela
Subdivisión general Historia constitucional
9 (RLIN) 4151
830 #0 - PUNTO DE ACCESO ADICIONAL DE SERIE-TÍTULO UNIFORME
Título uniforme Ediciones del Ministerio de Educación
9 (RLIN) 4152
910 ## - DATOS DE OPCIÓN DEL USUARIO (OCLC)
Datos de opción del usuario Catalogación por copia / LC
910 ## - DATOS DE OPCIÓN DEL USUARIO (OCLC)
Datos de opción del usuario WM
942 ## - ELEMENTOS DE PUNTO DE ACCESO ADICIONAL (KOHA)
Fuente del sistema de clasificación o colocación Dewey Decimal Classification
Tipo de ítem Koha Libro
Holdings
Estado de retiro Estado de pérdida Restricciones de uso No para préstamo Código de colección Localización permanente Ubicación/localización actual Ubicación en estantería Fecha de adquisición Número de inventario Total de préstamos Signatura topográfica completa Código de barras Fecha visto por última vez Precio válido a partir de Tipo de ítem Koha
    Préstamo interno Préstamo en sala Dominicana de Servicio Biblioteca Nacional Pedro Henríquez Ureña Biblioteca Nacional Pedro Henríquez Ureña Depósito 06.07.2009 LF1   342.029 R696c 1215-10 25.06.2020 25.06.2020 Libros y folletos

Powered by Koha